000
00333nam a2200133Ia 4500
008
151001s9999||||xx |||||||||||||| ||und||
100
_a
जितेंद्र मित्तल
245
_a
एक बयान
250
_a
2
260
_b
संभावना
260
_c
2007
300
_a
64
365
_b
21
999
_c
988010
_d
988007